Is there a future for multiple listing of properties? (Record no. 66433)
[ view plain ]
| 000 -LEADER | |
|---|---|
| fixed length control field | 01177cam a2200229 4500 |
| 001 - CONTROL NUMBER | |
| control field | ABS63712 |
| 008 - FIXED-LENGTH DATA ELEMENTS--GENERAL INFORMATION | |
| fixed length control field | 000000n2001 000 0 eng u |
| 035 ## - SYSTEM CONTROL NUMBER | |
| System control number | (Sirsi) u111488 |
| 245 ## - TITLE STATEMENT | |
| Title | Is there a future for multiple listing of properties? |
| 260 ## - PUBLICATION, DISTRIBUTION, ETC. | |
| Date of publication, distribution, etc. | 2001 |
| 490 ## - SERIES STATEMENT | |
| Series statement | Estate Agency News |
| Volume/sequential designation | (165)March 2001, 25(1) |
| 520 ## - SUMMARY, ETC. | |
| Summary, etc. | Looks at sole agency marketing and the multi-listing of properties and compares their effectiveness. Suggests sole agency restricts choice and limits exposure. Notes the advantages of the Multiple Listing Service (MLS), which is widely used in the US. Suggests that dot.com companies in the UK have created poor MLS's to date, which simply host property listing information. Predicts such sites will have to improve, and that any that do not add value will soon cease to exist. Warns that those agents who do not become involved in e-business will soon be losing business to agents that do. |
| 590 ## - LOCAL NOTE (RLIN) | |
| Local note | ABS |
| 650 ## - SUBJECT ADDED ENTRY--TOPICAL TERM | |
| Topical term or geographic name entry element | ESTATE AGENTS |
| 650 ## - SUBJECT ADDED ENTRY--TOPICAL TERM | |
| Topical term or geographic name entry element | MULTIPLE LISTING |
| 650 ## - SUBJECT ADDED ENTRY--TOPICAL TERM | |
| Topical term or geographic name entry element | SOLE AGENCY |
| 650 ## - SUBJECT ADDED ENTRY--TOPICAL TERM | |
| Topical term or geographic name entry element | MARKETING |
| 650 ## - SUBJECT ADDED ENTRY--TOPICAL TERM | |
| Topical term or geographic name entry element | EBUSINESS |
| 650 ## - SUBJECT ADDED ENTRY--TOPICAL TERM | |
| Topical term or geographic name entry element | E-COMMERCE |
| 690 ## - LOCAL SUBJECT ADDED ENTRY--TOPICAL TERM (OCLC, RLIN) | |
| Topical term or geographic name as entry element | INFORMATION TECHNOLOGY-INTERNET |
| 942 ## - ADDED ENTRY ELEMENTS (KOHA) | |
| Suppress in OPAC | 0 |
| Withdrawn status | Lost status | Source of classification or shelving scheme | Damaged status | Not for loan | Home library | Current library | Shelving location | Date acquired | Total Checkouts | Full call number | Barcode | Date last seen | Copy number | Price effective from | Koha item type |
|---|---|---|---|---|---|---|---|---|---|---|---|---|---|---|---|
| Dewey Decimal Classification | London | London | Journal article | 20/03/2001 | ABS63712 | 111488-1001 | 06/08/2019 | 1 | 06/08/2019 | Journal article |